000 00353nam a22001337a 4500
082 _a625.85
_bTHI
_cD
100 _aThe Asphalt Institute,
_920237
245 _aThin hot-mix wearing courses/
260 _bThe Asphalt Institute,
_cc1968
300 _a20 p,;
_c29cm
526 _a0
_b0
_c0
_d625_850000000000000_THI
650 _aMCE
_9379
942 _2ddc
_cBK
999 _c548027
_d548027